00747nam a22002057a 4500999001900000005001700019010001300036020002600049035001200075037001600087082001100103100002300114245006200137246004600199260005300245270005900298300002100357942003000378952013300408 c190902d19090220220810121725.0 aUR-11667 a9789394616196c300.00 aU-10222 bDBAD/PUBa- a841.08 aاظہا ر خضر aکھر ے کھو ٹے :bتبصرے /cاظہا ر خضر aKhare Khote (Tabserey) /bby Izhar Khizar aNew DelhibEducational Publishing Housec2022 ء aH.O. D1/16, Ansari Road, Darya GanjbNew Delhie110002 a173 صc23cm(Hb) 2ddccURh841.08mا ظ ہ 001040708NFICaLbLd2022-08-10eDBADPUBg300.00l0o841.08 ا ظ ہpU-10222r2022-08-10 00:00:00t1v300.00w2022-08-10yUR